00732nam a22002057a 4500999001900000005001700019010001300036020002600049035001300075037002400088082001000112100001500122245004000137260003100177270008200208300003400290500002300324942002400347952015500371 c177255d17725520210216144150.0 aB-736887 a9789383656882c250.00 aB-736887 bGift/Eng/03-02-2021 a001.4 aBalaji, C. aThe joy of research /cby C. Balaji aNew DelhibAne Booksc2015 a4821, Parwana Bhawan, 1st Floor, 24 Ansari Road, DaryaganjbNew Delhie110002 aviii, 185p.:bill.c22cm(pbk) ainclude references 2ddccENmBALh001.4 001040708NFICaLbLd2021-02-16eGift/Eng/03-02-2021g250.00l3m3o001.4 BALpB-736887r2025-05-03 00:00:00s2025-04-21t1v250.00w2021-02-16yEN